Estatísticas para Campeões do Campeonato Paraibano de Futebol

Clique aqui para jogar o quiz

Estatísticas Gerais

  • Esse quiz foi jogado 80 vezes
    (60 desde o último reset)
  • A pontuação média é 6 de 12

Estatísticas das Respostas

N° de títulosTimeCidade% Correto
30BotafogoJoão Pessoa
100%
22CampinenseCampina Grande
98%
2SousaSousa
88%
16TrezeCampina Grande
88%
6Auto EsporteJoão Pessoa
58%
3AméricaJoão Pessoa
29%
5PalmeirasJoão Pessoa
29%
2Santa CruzJoão Pessoa
29%
10Cabo BrancoJoão Pessoa
25%
2AstreaJoão Pessoa
15%
2BrasilJoão Pessoa
13%
2Red CrossJoão Pessoa
13%

Distribuição das Pontuações

Percentil de Números Respondidos

Porcentagem de Pessoas com Cada Pontuação

Sua Pontuação Histórica

Você não jogou esse quiz desde o último reset